00543nam a22001577a 4500020001800000082001700018100002600035245003800061260003200099300002500131650001500156700002500171942000700196999001700203952016500220 a9783527406630 a621.3675 ACK aAckermann, Gerhard K. aHolography : a practical approach aNew YorkbJohn Wiley c2007 axvii, 318p. :e25 cm aHolography aGerhard K. Ackermann cBK c11735d11735 001040708NFICaCLbCLcGENd2013-04-09eProgressive International Agenciesg10358.10l4m1o621.3675 ACKpSEECS012222r2026-02-12s2024-07-09w2013-04-16yBK